|
|
|
|
| LEADER |
01244nam a2200373Ia 4500 |
| 001 |
EBC335394 |
| 003 |
MiAaPQ |
| 005 |
20200520144314.0 |
| 006 |
m o d | |
| 007 |
cr cn||||||||| |
| 008 |
010507s2001 cau s 001 0 eng d |
| 010 |
|
|
|z 2001035708
|
| 020 |
|
|
|z 9781583762073
|
| 020 |
|
|
|z 9781576758021
|
| 020 |
|
|
|z 1583762078
|
| 035 |
|
|
|a (MiAaPQ)EBC335394
|
| 035 |
|
|
|a (Au-PeEL)EBL335394
|
| 035 |
|
|
|a (CaPaEBR)ebr10221989
|
| 035 |
|
|
|a (CaONFJC)MIL230041
|
| 035 |
|
|
|a (OCoLC)437204656
|
| 040 |
|
|
|a MiAaPQ
|c MiAaPQ
|d MiAaPQ
|
| 050 |
|
4 |
|a HF5381
|b .T65 2001
|
| 082 |
0 |
4 |
|a 658.14
|2 21
|
| 100 |
1 |
|
|a Tracy, Brian.
|
| 245 |
1 |
0 |
|a Get paid more and promoted faster
|h [electronic resource] /
|c Brian Tracy.
|
| 260 |
|
|
|a San Francisco, CA :
|b Berrett-Koehler Publishers,
|c c2001.
|
| 300 |
|
|
|a xii, 110 p.
|
| 500 |
|
|
|a Includes index.
|
| 533 |
|
|
|a Electronic reproduction. Ann Arbor, MI : ProQuest, 2015. Available via World Wide Web. Access may be limited to ProQuest affiliated libraries.
|
| 650 |
|
0 |
|a Career development.
|
| 650 |
|
0 |
|a Promotions.
|
| 655 |
|
4 |
|a Electronic books.
|
| 710 |
2 |
|
|a ProQuest (Firm)
|
| 856 |
4 |
0 |
|u https://ebookcentral.proquest.com/lib/matrademy/detail.action?docID=335394
|z Click to View
|